Career planning and decision-making : (Record no. 20543)
[ view plain ]
| 000 -LEADER | |
|---|---|
| fixed length control field | 00477nam a22001337a 4500 |
| 008 - FIXED-LENGTH DATA ELEMENTS--GENERAL INFORMATION | |
| fixed length control field | 241112b |||||||| |||| 00| 0 eng d |
| 020 ## - INTERNATIONAL STANDARD BOOK NUMBER | |
| International Standard Book Number | 9789914999396 |
| 050 ## - LIBRARY OF CONGRESS CALL NUMBER | |
| Classification number | HF5381 |
| Item number | .G33 |
| 100 ## - MAIN ENTRY--PERSONAL NAME | |
| Personal name | Gacohi, Jane Njeri |
| 245 ## - TITLE STATEMENT | |
| Title | Career planning and decision-making : |
| Remainder of title | A step- by - step guide for students and parents/ by |
| Statement of responsibility, etc. | Jane Njeri Gacohi and foreword by Nancy W. Mungai |
| 260 ## - PUBLICATION, DISTRIBUTION, ETC. (IMPRINT) | |
| Place of publication, distribution, etc. | Nakuru, Kenya |
| Name of publisher, distributor, etc. | Oracle House plublishers Ltd |
| Date of publication, distribution, etc. | 2022 |
| 300 ## - PHYSICAL DESCRIPTION | |
| Extent | x, 113p. |
| 942 ## - ADDED ENTRY ELEMENTS (KOHA) | |
| Source of classification or shelving scheme | Library of Congress Classification |
| Koha item type | General Collection |
| Withdrawn status | Lost status | Source of classification or shelving scheme | Not for loan | Home library | Current library | Date acquired | Cost, normal purchase price | Inventory number | Total Checkouts | Full call number | Barcode | Date last seen | Copy number | Price effective from | Koha item type |
|---|---|---|---|---|---|---|---|---|---|---|---|---|---|---|---|
| Library of Congress Classification | Kabarak, Main Campus | Kabarak, Main Campus | 12/11/2024 | 600.00 | 2024/0734 | HF5381 .G33 2022 C.1 | 33645 | 12/11/2024 | C.1 | 12/11/2024 | General Collection | ||||
| Library of Congress Classification | Kabarak, Main Campus | Kabarak, Main Campus | 12/11/2024 | 600.00 | 2024/0735 | HF5381 .G33 2022 C.2 | 33646 | 12/11/2024 | C.2 | 12/11/2024 | General Collection | ||||
| Library of Congress Classification | Kabarak, Main Campus | Kabarak, Main Campus | 12/11/2024 | 600.00 | 2024/0732 | HF5381 .G33 2022 C.3 | 33649 | 12/11/2024 | C.3 | 12/11/2024 | General Collection | ||||
| Library of Congress Classification | Kabarak, Main Campus | Kabarak, Main Campus | 12/11/2024 | 600.00 | 2024/0733 | HF5381 .G33 2022 C.4 | 33647 | 12/11/2024 | C.4 | 12/11/2024 | General Collection | ||||
| Library of Congress Classification | Kabarak, Main Campus | Kabarak, Main Campus | 12/11/2024 | 600.00 | 2024/0731 | HF5381 .G33 2022 C.5 | 33650 | 12/11/2024 | C.5 | 12/11/2024 | General Collection | ||||
| Library of Congress Classification | Kabarak, Main Campus | Kabarak, Main Campus | 12/11/2024 | 600.00 | 2024/0730 | HF5381 .G33 2022 C.6 | 33648 | 12/11/2024 | C.6 | 12/11/2024 | General Collection |